| 000 | 00374pab a2200157 454500 | ||
|---|---|---|---|
| 008 | 180718b2002 xxu||||| |||| 00| 0 eng d | ||
| 100 | _aGlaeser, Edward L. | ||
| 245 | _aLegal origins | ||
| 260 | _c2002 | ||
| 300 | _ap.1193-1229. | ||
| 362 | _aNov | ||
| 650 | _aLegal systems | ||
| 700 | _aShleifer, Audrei | ||
| 773 | _aQuarterly Journal of Economics | ||
| 909 | _a55631 | ||
| 999 |
_c55631 _d55631 |
||